Príprava prostredia modulárnej vzdelávacej aplikácie pre programovanie
Gespeichert in:
| 1. Verfasser: | |
|---|---|
| Weitere Verfasser: | |
| Format: | Manuskript Buch |
| Sprache: | Slowakisch |
| Veröffentlicht: |
Bratislava :
STU v Bratislave FEI,
2025
|
| Schlagworte: | |
| Online-Zugang: | https://opac.crzp.sk/?fn=detailBiblioFormChildO12I41&sid=8D80AD18777FCC7F65B5BD4DC29E&seo=CRZP-detail-kniha |
| Tags: |
Keine Tags, Fügen Sie das erste Tag hinzu!
|
MARC
| LEADER | 00000ntm a22000003a 4500 | ||
|---|---|---|---|
| 001 | stuzp103415 | ||
| 003 | SK-STU | ||
| 005 | 20251112144140.9 | ||
| 007 | ta | ||
| 008 | 150427s2015----xo-----f-mn---000-0-slo-d | ||
| 040 | |a STU |b slo | ||
| 041 | 0 | |a slo | |
| 044 | |a xo | ||
| 100 | 1 | |a Lomenová, Ivana |u 030400 |4 aut |U FEI Fakulta elektrotechniky a informatiky |T FEI Ústav automobilovej mechatroniky |X 122604 |U E400 |Y 642 |7 122604 | |
| 242 | 0 | 1 | |a Preparation of modular educational application environment for programming |y eng |
| 245 | 1 | 0 | |a Príprava prostredia modulárnej vzdelávacej aplikácie pre programovanie |
| 260 | |a Bratislava : |b STU v Bratislave FEI, |c 2025 | ||
| 300 | |a 67 s. | ||
| 650 | 4 | |a gamifikácia |2 slo | |
| 650 | 4 | |a výučba programovania |2 slo | |
| 650 | 4 | |a mikroslužbová architektúra |2 slo | |
| 650 | 4 | |a Unity |2 slo | |
| 650 | 4 | |a edukačný softvér |2 slo | |
| 650 | 4 | |a vzdelávacie hry |2 slo | |
| 650 | 4 | |a modularita |2 slo | |
| 650 | 4 | |a škálovateľnosť |2 slo | |
| 650 | 4 | |a modularity |2 eng | |
| 650 | 4 | |a programming education |2 eng | |
| 650 | 4 | |a educational games |2 eng | |
| 650 | 4 | |a gamification |2 eng | |
| 650 | 4 | |a microservice architecture |2 eng | |
| 650 | 4 | |a Unity |2 eng | |
| 650 | 4 | |a educational software |2 eng | |
| 650 | 4 | |a scalability |2 eng | |
| 700 | 1 | |a Pajpach, Martin |u 030400 |k Z8 |4 ths |U FEI Fakulta elektrotechniky a informatiky |T FEI Ústav automobilovej mechatroniky |X 86396 |U E400 |Y 642 |7 86396 | |
| 856 | 4 | |u https://opac.crzp.sk/?fn=detailBiblioFormChildO12I41&sid=8D80AD18777FCC7F65B5BD4DC29E&seo=CRZP-detail-kniha | |